| 000 | 00573nam a2200181 4500 | ||
|---|---|---|---|
| 001 | 126211 | ||
| 003 | ES-MaACL | ||
| 005 | 20230906192757.0 | ||
| 007 | t| | ||
| 008 | 070214s1971 sp r ||||1| spa d | ||
| 245 | 0 | 0 |
_aReligiosos en una sociedad nueva / _c[tradujo Constantino Ruiz Garrido]. |
| 260 |
_aSalamanca : _bSígueme, _c1971. |
||
| 300 |
_a160 p. ; _c19 cm. |
||
| 500 | _aPrecede al tít.:Concilio Pastoral Holandés. | ||
| 700 | 1 |
_aRuiz-Garrido, Constantino. _9100816 |
|
| 710 | 2 |
_aConcilio Pastoral Holandés. _93145 |
|
| 852 |
_aES-MaACL _jC-50155 _bR.80468 |
||
| 999 |
_c126211 _d126211 |
||